二十八宿 - Statistics

General Stats
  • This quiz has been taken 35 times
  • The average score is 17 of 28
Answer Stats
Hint Answer % Correct
北方玄武
91%
東方青龍
86%
東方青龍
77%
東方青龍
73%
東方青龍
73%
北方玄武
73%
南方朱雀
73%
東方青龍
68%
北方玄武
68%
西方白虎
68%
北方玄武
64%
西方白虎
64%
西方白虎
64%
北方玄武
59%
南方朱雀
59%
南方朱雀
59%
南方朱雀
59%
南方朱雀
59%
東方青龍
55%
東方青龍
55%
北方玄武
55%
西方白虎
55%
西方白虎
55%
南方朱雀
55%
北方玄武
45%
西方白虎
45%
西方白虎
45%
南方朱雀
45%
No matching quizzes found
Score Distribution
Percent of People with Each Score
Percentile by Number Answered
Your Score History
You have not taken this quiz